00477nam a2200181Ia 4500003000400000005001700004008004100021020002200062040000700084041000800091082002100099100001800120245007000138260004100208300001600249365001700265650001300282OSt20230324134032.0210423s2016 xx 000 0 und d a978-1-107-44690-8 cAL aeng a401.9 223bKAPW aKAPLAN (Abby) aWomen talk more than men and other myths about language explained aUKbCambridge University Pressc2016 axvi,293bPB b1378.34cGBP aLanguage